000
00293nam a22001337a 4500
008
170724b xxu||||| |||| 00| 0 eng d
020
_a
3446143165
041
_a
ger
080
_a
004
100
_a
29
101
_a
SHK
245
_a
DIE PROGRAMMIER- SPRACHE C
_c
SCHIRMER,C
942
_2
udc
_c
BK
999
_c
21781
_d
21781